书目信息 |
| 题名: |
优秀语文教师上课实录
|
|
| 作者: | 瞿葆奎 , 徐勋 , 陆亚松 , 顾振亚 选编 | |
| 分册: | 上册 | |
| 出版信息: | 北京 人民教育出版社 1980.03 |
|
| 页数: | 376页 | |
| 开本: | 19cm | |
| 丛书名: | ||
| 单 册: | ||
| 中图分类: | G424.1 | |
| 科图分类: | ||
| 主题词: | 教学理论 | |
| 电子资源: | ||
| ISBN: | ||
| 000 | 00676nam0 2200241 45 | |
| 001 | 0211210923 | |
| 005 | 20031219104116.3 | |
| 010 | @dCNY1.60 | |
| 091 | @a7012.0107 | |
| 100 | @a20021121d1980 km y0chiy0120 ea | |
| 101 | 0 | @achi |
| 105 | @a z 000yy | |
| 200 | 1 | @a优秀语文教师上课实录@AYou Xiu Yu Wen Jiao Shi Shang Ke Shi Lu@h上册@f瞿葆奎等整理 选编@FQu Bao Kui Deng Zheng Li Xuan Bian |
| 210 | @a北京@c人民教育出版社@d1980.03 | |
| 215 | @a376页@d19cm | |
| 606 | 0 | @a教学理论 |
| 690 | @aG424.1@v3 | |
| 701 | 0 | @a瞿葆奎@4选编 |
| 701 | 0 | @a徐勋 |
| 701 | 0 | @a陆亚松 |
| 701 | 0 | @a顾振亚 |
| 801 | @aCN@bTSTC@c20030928 | |
| 905 | @dG424.1@e1:1-2@f1@b31735@f1@b31738 | |
| 优秀语文教师上课实录.上册/瞿葆奎等整理 选编.-北京:人民教育出版社,1980.03 |
| 376页;19cm |
| ISBN :CNY1.60 |
| ● |
| 相关链接 |
|
|
|
|
正题名:优秀语文教师上课实录
索取号:G424.1/1:1-2
 
预约/预借
| 序号 | 登录号 | 条形码 | 馆藏地/架位号 | 状态 | 备注 |
| 1 | 0031735 | 001670855 | 密集书库/ [索取号:G424.1/1:1-2] | 在馆 | |
| 2 | 0031738 | 001670864 | 密集书库/ [索取号:G424.1/1:1-2] | 在馆 | |
| 3 | 0062683 | 001666851 | 密集书库/ [索取号:G424.1/1:1-2] | 在馆 |